000 00533nam a2200193 i 4500
001 23598
003 ES-MaACL
005 20230906152913.0
007 t|
008 021211s1966 sp ||||1| spa d
100 1 _aAncel, Alfred.
_9148331
245 1 0 _aIgualdad y desigualdades sociales /
_cAlfred Ancel.
260 _aBilbao :
_bDesclée de Brouwer,
_c[1966]
300 _a58 p. ;
_c15 cm.
490 1 _aTemas sociales
830 0 _aTemas sociales
_9229045
852 _aES-MaACL
_jC-30082
_bR.59825
999 _c23598
_d23598